[Event "EYCC Girls U16 2018"]
[Site "Riga"]
[Date "2018.08.21"]
[Round "2"]
[White "Ferkova, Dominika"]
[Black "Kocyigit, Buse Naz"]
[Result "1-0"]
[WhiteElo "2180"]
[BlackElo "1950"]
[Annotator "TA"]
[PlyCount "47"]
[EventDate "2018.08.20"]
[EventType "swiss"]
[EventCountry "LAT"]
[SourceTitle "playchess.com"]
[Source "ChessBase"]
[SourceQuality "1"]

{[%evp 15,47,31,38,0,0,0,0,0,46,44,73,39,81,67,73,62,96,93,114,120,182,202,174,191,172,154,301,252,1061,1039,1502,1391,29980,6487]} 1. d4 d5 2. c4 c6 3. Nf3 Nf6 4. Nc3 g6 5. e3 Bg7 6. Be2 O-O 7. O-O e6 8. b3 b6 {LiveBook: 11 Partien. D94: Grünfeldindisch (Geschlossenes System)} 9. a4 a5 10. Ba3 Re8 $1 {Die Stellung ist ausgeglichen.} 11. Ne5 Nfd7 $146 ({Vorgänger:} 11... Bb7 12. Rc1 Nbd7 13. f4 Bf8 14. Bxf8 Nxf8 15. Bf3 Rc8 16. Qd2 {1-0 (47) Tomashevsky,E (2714)-Van Foreest,J (2631) Berlin 2018}) 12. f4 Nxe5 13. fxe5 Ba6 14. Rc1 Ra7 15. cxd5 Bxe2 16. Nxe2 {d6 ist eine echte Drohung.} exd5 {[#]} 17. Bd6 $1 f6 (17... Re6 $16) 18. Bxb8 $1 $18 Qxb8 19. exf6 Bh6 20. Rxc6 {Und Sc3 würde nun gewinnen.} Rxe3 (20... Rc8 $16 {ist wohl besser.} 21. Rxc8+ Qxc8) 21. Qc2 {Schwarz muss nun Tc8+ beachten.} Kf7 $2 (21... Re8 22. Qd3 Rf7) 22. Nc3 Rd7 {[#]} 23. Nxd5 $1 {[%mdl 512]} Rxd5 24. Rc7+ {Precision: Weiß = 55%, Schwarz = 23%.} 1-0

[Event "EYCC Girls U16 2018"]
[Site "Riga"]
[Date "2018.08.21"]
[Round "2"]
[White "Shpanko, Nadiia"]
[Black "Sibajeva, Marija"]
[Result "1-0"]
[WhiteElo "2176"]
[BlackElo "1941"]
[Annotator "TA"]
[PlyCount "71"]
[EventDate "2018.08.20"]
[EventType "swiss"]
[EventCountry "LAT"]
[SourceTitle "playchess.com"]
[Source "ChessBase"]
[SourceQuality "1"]

{[%evp 16,71,14,18,41,35,29,36,30,23,30,22,35,4,50,39,58,62,108,108,122,110,98,79,108,0,104,99,141,161,220,211,280,279,279,279,283,193,170,174,259,259,259,259,259,259,259,253,264,270,272,273,421,430,416,269,501,473]} 1. e4 {Saunders,J} c5 2. Nf3 e6 3. g3 d5 4. exd5 exd5 5. d4 Nf6 6. Bg2 {B40: Sicilian: 2...e6, Unusual lines} Be7 7. O-O O-O 8. dxc5 Bxc5 9. Bg5 {LiveBook: 6 Games} Nbd7 $146 ({Predecessor:} 9... Be6 10. Nc3 Nc6 11. Rb1 d4 12. Bxf6 Qxf6 13. Ne4 {½-½ (31) McShane,L (2671)-Nakamura,H (2758) London 2011 CBM 146 [Saunders,J]}) 10. Nc3 h6 11. Bf4 Nb6 12. Qd3 Bg4 13. h3 Be6 14. Nb5 Qe7 15. Rae1 Ne4 16. Nfd4 Bxd4 17. Nxd4 Nc5 18. Qe2 Rfe8 19. Nb5 {[#] Threatens to win with Bd6.} Rec8 20. Nd4 Re8 $1 21. Qb5 $36 {[%mdl 2048] Keeping Black busy.} Rac8 {[#]} 22. Nf5 $1 {[%cal Rf5e7]} Qd7 (22... Qd8 $142) 23. Qxd7 $18 Ncxd7 24. Nd6 $1 {[%csl LRb7,LRc8,LRe8]} Rf8 25. Nxc8 Rxc8 26. Rc1 Na4 27. c4 Rxc4 (27... dxc4 $142 28. Bxb7 Re8) 28. b3 Rxc1 29. Rxc1 Nac5 30. Be3 b6 31. Rd1 Nf6 32. Bd4 Nfe4 33. Bxc5 bxc5 (33... Nxc5 {might work better.} 34. Rd4 (34. Bxd5 Bxh3 35. f3 Kf8 $16) 34... Kf8) 34. Bxe4 dxe4 35. Rc1 Bxh3 $2 (35... c4 {keeps fighting.} 36. bxc4 Kf8) 36. Rxc5 {Precision: White = 70%, Black = 46%.} 1-0

[Event "EYCC Girls U16 2018"]
[Site "Riga"]
[Date "2018.08.21"]
[Round "2"]
[White "Rudzinska, Michalina"]
[Black "Badelka, Olga"]
[Result "0-1"]
[WhiteElo "2003"]
[BlackElo "2416"]
[Annotator "TA"]
[PlyCount "94"]
[EventDate "2018.08.20"]
[EventType "swiss"]
[EventCountry "LAT"]
[SourceTitle "playchess.com"]
[Source "ChessBase"]
[SourceQuality "1"]

{[%evp 20,94,33,31,52,57,49,48,40,49,59,54,43,38,35,0,0,0,11,7,12,7,26,23,33,35,116,15,8,14,9,-13,-6,-82,-79,-80,-52,-68,-69,-66,-58,-62,-50,-174,-175,-164,-139,-562,-559,-6498,-6187,-6509,-6498,-6324,-6324,-5313,-5165,-2396,-2307,-2210,-2167,-2164,-2143,-1924,-1595,-1528,-1352,-1516,-1489,-1388,-1378,-1199,-1112,-575,-548,-973,-483]} 1. e4 c5 2. Nf3 Nc6 3. Nc3 e5 4. Bc4 d6 5. d3 Be7 6. Nd2 Nf6 7. Nf1 Bg4 8. f3 Be6 9. Ne3 O-O 10. O-O Nh5 {B30: Sizilianisch (Rossolimo-Variante)} 11. g3 {LiveBook: 6 Partien} Nd4 $146 ({Vorgänger:} 11... Bg5 12. Ncd5 Bxe3+ 13. Bxe3 Ne7 14. Bg5 Bxd5 15. Bxd5 h6 16. Bxe7 Qxe7 17. f4 Nf6 18. Bb3 {½-½ (57) Bacrot,E (2725)-Yu,Y (2751) Riadh 2017}) 12. Ncd5 b5 {Weiß steht etwas besser.} 13. Nxe7+ Qxe7 14. Bd5 {zielt auf c3 ab.} Rac8 $1 15. c3 Nc6 16. Bxc6 Rxc6 17. f4 exf4 $1 18. gxf4 Nf6 $1 19. f5 Bd7 20. Qf3 Qe5 21. Bd2 Rcc8 22. Rae1 c4 {[#]} (22... Kh8 $14) 23. Nd5 (23. Qg2 $1 $16) 23... Nxd5 $11 24. exd5 Qf6 25. Be3 cxd3 26. Bd4 (26. Qg3 $11 {bleibt in der Remisbreite.} h6 27. Bxa7) 26... Qg5+ $17 27. Kh1 {Droht Tg1 und aus.} Rfe8 28. Rxe8+ Rxe8 29. Qxd3 g6 30. fxg6 hxg6 31. Bf6 {[#]} (31. Qf3 $15 Bf5 32. Qg3 Qxg3 33. hxg3) 31... Qh5 $1 $19 32. h4 Re2 $40 {[%mdl 128] Und weiter mit ...Lf5 wäre nett. Weiss ist in Schwierigkeiten.} 33. Bg5 $2 {[%mdl 8192]} (33. Qf3 $17 {war die entscheidende Verteidigung.}) 33... Bf5 {Schwarz steht klar auf Gewinn.} 34. Rxf5 gxf5 35. Qxf5 {[%mdl 4096] Endspiel KDT-KDL} Re1+ 36. Kg2 Qe2+ 37. Qf2 Qe4+ 38. Kg3 Qd3+ 39. Kg4 Qd1+ 40. Kg3 Re2 41. Qd4 Qe1+ 42. Kf3 Qf1+ 43. Kg4 Rg2+ 44. Kh5 Qf5 {[%csl Gf7][%cal Rf5g6]} 45. Qf6 Qxf6 46. Bxf6 Rxb2 47. a3 Rd2 {Precision: Weiß = 38%, Schwarz = 69%.} (47... Rb3 $142 48. Kg5 Rxa3) 0-1

[Event "EYCC Girls U16 2018"]
[Site "Riga"]
[Date "2018.08.21"]
[Round "2"]
[White "Grigorieva, Yulia"]
[Black "Peycheva, Gergana"]
[Result "1-0"]
[WhiteElo "1992"]
[BlackElo "2261"]
[Annotator "TA"]
[PlyCount "85"]
[EventDate "2018.08.20"]
[EventType "swiss"]
[EventCountry "LAT"]
[SourceTitle "playchess.com"]
[Source "ChessBase"]
[SourceQuality "1"]

{[%evp 19,85,-38,-37,-18,-3,-36,-33,-40,-18,-28,0,3,0,1,0,0,0,16,7,-15,-3,-6,32,22,35,21,86,24,13,16,60,45,33,43,135,43,40,0,72,-11,-10,-33,0,0,20,20,50,45,157,175,416,125,250,262,339,354,896,865,1666,1510,1525,1462,1612,1531,2001,1222,2552,1651]} 1. d4 d5 2. c4 e6 3. Nf3 Nf6 4. g3 dxc4 5. Bg2 Nc6 6. Qa4 Bb4+ 7. Bd2 Nd5 8. Bxb4 {E04: Katalanisch} Ndxb4 9. a3 (9. O-O Rb8 10. Na3 O-O 11. Qb5 b6 12. Qxc4 Ba6 13. Nb5 Qe8 14. Rfc1 Nd5 15. Qxc6 Qxc6 16. Rxc6 Bxb5 17. Rc2 Rfc8 {½-½ (49) Vidit,S (2718)-Bu,X (2712) Danzhou 2018}) 9... b5 10. Qd1 Nd5 {LiveBook: 12 Partien} 11. O-O Rb8 12. Nbd2 $146 ({Vorgänger:} 12. b3 Na5 13. bxc4 bxc4 14. e4 Nb3 15. Ra2 Nb6 {0-1 (15) Niemann,H (2180)-Ghaem Maghami,E (2562) Arlington 2015}) 12... O-O 13. Rc1 Na5 14. b3 {[%cal Rb3c4]} cxb3 15. Nxb3 Nc4 16. Ne5 {Droht Sc6 und aus.} Qd6 17. Nxc4 bxc4 18. Nc5 Nb6 19. f4 Rd8 20. e3 Qe7 21. Qe1 f6 22. Qa5 a6 (22... e5 $11 {hält das Gleichgewicht.}) 23. Nxa6 (23. Rfe1 $16) 23... Bxa6 $11 24. Qxa6 e5 25. dxe5 fxe5 26. a4 {a5 ist eine echte Drohung.} exf4 ({Günstiger ist} 26... e4 $14) 27. exf4 ({Der einzige Zug:} 27. a5 $1 $16) 27... Rd2 $14 28. Bf3 Ra2 (28... Qc5+ $11 {bleibt in der Remisbreite.} 29. Kh1 Qf5) 29. Qa7 (29. Qb5 $1 $16) 29... Re8 $11 {( -> ...De3+)} 30. Qb7 Qe3+ 31. Kh1 Qd2 {[%csl Ga2][%cal Rd2h2]} 32. Bg2 c3 33. Rg1 h6 ({Bitte nicht} 33... Rxa4 34. Qxc7 Qd4 35. Qxc3 $16 (35. Rxc3 Rc8 $11)) (33... Re7 $14) 34. Qxc7 $16 Nxa4 $2 (34... Qd4 35. Qc6 (35. Qxc3 Qxc3 36. Rxc3 Nxa4 $16) (35. Rxc3 Rxg2 36. Kxg2 Nd5 $17) 35... Ree2) 35. Qc4+ $2 $40 {[%mdl 128] Weiss will per K.O. gewinnen.} (35. Rcd1 $18 {ist der präzise Gewinnweg.} Qe2 36. Rd7) 35... Kh8 {[#]} (35... Kh7 $16 {kämpft weiter.}) 36. Qf7 $1 $18 {[%cal Rf7e8]} Rd8 {[#]} 37. f5 $1 {[%cal Rf5f6]} Nc5 $2 (37... Rb2 38. f6 Qg5) 38. f6 {[%csl Gf6][%cal Rf7g7] Weiß steht klar auf Gewinn.} Qg5 39. fxg7+ Qxg7 40. Qxa2 Nd3 41. Rcf1 Qd4 42. Qe2 Qc5 43. Be4 {Precision: Weiß = 46%, Schwarz = 12%.} 1-0

[Event "EYCC Girls U16 2018"]
[Site "Riga"]
[Date "2018.08.21"]
[Round "2"]
[White "Hereklioglu, Sude"]
[Black "Beydullayeva, Govhar"]
[Result "0-1"]
[WhiteElo "1976"]
[BlackElo "2184"]
[Annotator "TA"]
[PlyCount "48"]
[EventDate "2018.08.20"]
[EventType "swiss"]
[EventCountry "LAT"]
[SourceTitle "playchess.com"]
[Source "ChessBase"]
[SourceQuality "1"]

{[%evp 13,47,-16,0,-36,-16,-94,-26,-133,-122,-133,-114,-114,-130,-122,-125,-123,-118,-123,-125,-241,-224,-522,-530,-827,-797,-1044,-1061,-1033,-1009,-29992,-29990,-29990,-29991,-29993,-29994,-29999]} 1. e4 e5 2. Nc3 Nf6 3. g3 d5 4. exd5 Nxd5 5. Bg2 Nxc3 6. bxc3 Bc5 7. Ne2 Nc6 {LiveBook: 49 Partien} 8. Bb2 {C26: Wiener Partie} (8. d4 {looks sharper.} Bb6 9. Ba3 Qf6 10. O-O Bg4 11. d5) (8. O-O O-O 9. Rb1 Qd6 10. d3 Bg4 11. h3 Be6 12. Be3 Bb6 13. c4 Rad8 14. Nc3 f5 15. Kh2 Nd4 16. Bxd4 Qxd4 17. Nd5 {½-½ (54) Safarli,E (2641)-Kravtsiv,M (2657) Kocaeli 2017}) 8... O-O 9. d4 {[#]} (9. O-O $11) 9... Bd6 (9... Bb6 $1 $17) 10. d5 $146 {[#]} (10. O-O $11 {bleibt in der Remisbreite.}) ({Vorgänger:} 10. O-O Bg4 11. h3 Bh5 12. g4 Bg6 13. f4 f6 14. Rb1 Bf7 15. Bc1 Rb8 {0-1 (28) Exposito Pacin,M (2086)-Pilgaard,K (2413) Burgas 2001}) 10... Na5 $1 $17 11. Qd3 b6 {[%cal Bb7b6,Bb6a5][%mdl 32]} 12. Nc1 f5 $36 {[%mdl 2048] Weiss muss aufpassen.} 13. Nb3 e4 14. Qe2 Be5 15. Nxa5 bxa5 16. Qc4 (16. O-O $17) 16... Qd6 17. Bf1 $2 (17. Qc6 Qxc6 18. dxc6) 17... Rb8 $19 18. O-O-O Bd7 19. Qa6 Rb6 20. Qxa5 Rfb8 {zielt auf ...Dh6+ ab.} 21. Qa3 Qh6+ {Schwarz setzt Matt.} 22. Kb1 Rxb2+ 23. Ka1 {[#]} Qd2 $1 {[%cal Rd2d1][%mdl 512]} 24. d6 (24. Rxd2 Rb1#) 24... Qxd1# {Precision: Weiß = 16%, Schwarz = 78%.} 0-1

[Event "EYCC Girls U16 2018"]
[Site "Riga"]
[Date "2018.08.21"]
[Round "2"]
[White "Strukova, Ksenia"]
[Black "Schneider, Jana"]
[Result "1/2-1/2"]
[WhiteElo "1967"]
[BlackElo "2179"]
[Annotator "NA"]
[PlyCount "140"]
[EventDate "2018.08.20"]
[EventType "swiss"]
[EventCountry "LAT"]
[SourceTitle "playchess.com"]
[Source "ChessBase"]
[SourceQuality "1"]
[TimeControl "40/5400+30:1800+30"]

1. e4 {[%emt 0:00:00]} e5 {[%emt 0:00:00]} 2. Nf3 {[%emt 0:00:00]} Nc6 {[%emt 0:00:00]} 3. Bc4 {[%emt 0:00:00]} Bc5 {[%emt 0:00:00]} 4. c3 {[%emt 0:00:00]} Nf6 {[%emt 0:00:00]} 5. d3 {[%emt 0:00:01]} a6 {[%emt 0:00:10]} 6. Bb3 {[%emt 0:00:36]} Ba7 {[%emt 0:00:24]} 7. Nbd2 {[%emt 0:00:36]} h6 {[%emt 0:00:28]} 8. h3 {[%emt 0:01:20]} d6 {[%emt 0:00:23]} 9. Nf1 {[%emt 0:00:35]} d5 {[%emt 0:00:38]} 10. Qe2 {[%emt 0:02:29] LiveBook: 18 Games} Be6 {[%emt 0:00:34]} 11. Ng3 {[%emt 0:10:16]} O-O $11 {[%emt 0:01:09]} 12. O-O {[%emt 0:00:18]} Re8 {[%emt 0:06:58]} 13. Be3 {[%emt 0:12:55]} Bxe3 {[%emt 0:24:30]} 14. Qxe3 {[%emt 0:00:41]} Qd7 {[%emt 0:00:24]} 15. Nh4 {[%emt 0:10:13]} d4 {[%emt 0:18:40]} 16. Qe2 {[%emt 0:01:59]} b5 {[%emt 0:03:22]} 17. Rad1 {[%emt 0:06:19]} a5 {[%emt 0:05:54]} 18. Bxe6 {[%emt 0:14:08]} Qxe6 {[%emt 0:01:00]} 19. a3 {[%emt 0:00:52]} dxc3 {[%emt 0:16:39]} 20. bxc3 {[%emt 0:00:33]} Qb3 {[%emt 0:03:25]} 21. d4 {[%emt 0:11:27]} Rab8 {[%emt 0:07:19]} 22. d5 {[%emt 0:03:12]} Ne7 {[%emt 0:03:49]} 23. Qe3 {[%emt 0:04:56]} b4 {[%emt 0:02:05]} 24. axb4 {[%emt 0:00:20]} axb4 {[%emt 0:00:05]} 25. Rd3 {[%emt 0:01:05]} Qa4 {[%emt 0:01:07]} 26. cxb4 {[%emt 0:00:54]} Rxb4 {[%emt 0:00:06]} 27. Ra3 {[%emt 0:06:25]} Qb5 {[%emt 0:00:11]} 28. Nf3 {[%emt 0:03:10]} Nc8 {[%emt 0:00:32]} 29. Nd2 {[%emt 0:02:30]} c6 {[%emt 0:00:59]} 30. dxc6 {[%emt 0:00:48]} Qxc6 {[%emt 0:00:06]} 31. Rc3 {[%emt 0:00:51]} Qa4 {[%emt 0:02:25]} 32. Nf5 {[%emt 0:00:48]} Ne7 {[%emt 0:01:50]} 33. Nd6 {[%emt 0:02:02]} Rd8 {[%emt 0:00:04]} 34. Qc5 {[%emt 0:01:52]} Rd4 {[%emt 0:00:39]} 35. N2c4 {[%emt 0:01:19]} Qc6 {[%emt 0:00:48]} 36. Qxe5 {[%emt 0:01:07]} R8xd6 {[%emt 0:00:31]} 37. Nxd6 {[%emt 0:00:43]} Qxd6 {[%emt 0:00:05]} 38. Qxd6 {[%emt 0:00:05]} Rxd6 {[%emt 0:00:05]} 39. e5 {[%emt 0:00:04]} Re6 {[%emt 0:01:21]} 40. exf6 {[%emt 0:00:00]} Rxf6 {[%emt 0:00:00]} 41. Re1 {[%emt 0:04:45]} Nd5 {[%emt 0:02:15]} 42. Rd3 {[%emt 0:01:21]} Nf4 {[%emt 0:00:38]} 43. Rf3 {[%emt 0:02:03]} g5 {[%emt 0:01:28]} 44. Kh2 {[%emt 0:00:37]} Rd6 {[%emt 0:01:19]} 45. Re8+ {[%emt 0:02:15]} Kg7 {[%emt 0:00:19]} 46. Re7 {[%emt 0:01:11]} Rf6 {[%emt 0:03:10]} 47. Ra7 {[%emt 0:00:23]} h5 {[%emt 0:02:25]} 48. g3 {[%emt 0:00:53]} Ne6 {[%emt 0:00:10]} 49. Rxf6 {[%emt 0:00:05]} Kxf6 {[%emt 0:00:06]} 50. Kg2 {[%emt 0:02:54]} g4 {[%emt 0:12:28]} 51. Ra5 {[%emt 0:03:37]} Kg6 {[%emt 0:02:57]} 52. f4 {[%emt 0:01:59]} gxf3+ {[%emt 0:02:56]} 53. Kxf3 {[%emt 0:00:01]} Ng5+ {[%emt 0:00:45]} 54. Kg2 {[%emt 0:00:57]} Ne6 {[%emt 0:00:41]} 55. Ra6 {[%emt 0:01:07]} Kf5 {[%emt 0:02:50]} 56. Ra7 {[%emt 0:00:23]} Kg6 {[%emt 0:00:18]} 57. Ra5 {[%emt 0:04:46]} f6 {[%emt 0:00:47]} 58. Ra1 {[%emt 0:00:54]} Kf5 {[%emt 0:00:54]} 59. Kf2 {[%emt 0:02:21]} Ng5 {[%emt 0:00:50]} 60. h4 {[%emt 0:02:17]} Nf7 {[%emt 0:00:34]} 61. Ke3 {[%emt 0:02:38]} Kg4 {[%emt 0:01:09]} 62. Kf2 {[%emt 0:01:57]} Ne5 {[%emt 0:01:22]} 63. Kg2 {[%emt 0:00:26]} Kf5 {[%emt 0:01:01]} 64. Kh3 {[%emt 0:00:07]} Ng4 {[%emt 0:00:34]} 65. Ra4 {[%emt 0:00:52]} Ne5 {[%emt 0:00:23]} 66. Kg2 {[%emt 0:00:34]} Nd3 {[%emt 0:00:24]} 67. Rd4 {[%emt 0:01:21]} Ne5 {[%emt 0:00:24]} 68. Rf4+ {[%emt 0:00:56]} Ke6 {[%emt 0:00:36]} 69. Kh3 {[%emt 0:01:41]} Nd3 {[%emt 0:00:45]} 70. Ra4 {[%emt 0:01:10]} Kf5 {[%emt 0:00:31]} 1/2-1/2

[Event "EYCC Girls U16 2018"]
[Site "Riga"]
[Date "2018.08.21"]
[Round "2"]
[White "Aubert, Estee"]
[Black "Schulze, Lara"]
[Result "1-0"]
[WhiteElo "1934"]
[BlackElo "2167"]
[Annotator "NA"]
[PlyCount "121"]
[EventDate "2018.08.20"]
[EventType "swiss"]
[EventCountry "LAT"]
[SourceTitle "playchess.com"]
[Source "ChessBase"]
[SourceQuality "1"]
[TimeControl "40/5400+30:1800+30"]

1. d4 {[%emt 0:00:00]} Nf6 {[%emt 0:00:00]} 2. Bf4 {[%emt 0:00:00]} c5 {[%emt 0:00:00]} 3. e3 {[%emt 0:00:00]} Qb6 {[%emt 0:00:00]} 4. Nc3 {[%emt 0:00:39]} a6 {[%emt 0:00:12] LiveBook: 7 Games} 5. Rb1 {[%emt 0:04:38]} d5 {[%emt 0:06:36]} 6. Nf3 {[%emt 0:07:32]} e6 $11 {[%emt 0:02:38]} 7. Be2 {[%emt 0:05:43]} Bd7 {[%emt 0:05:31]} 8. O-O {[%emt 0:03:21]} Be7 {[%emt 0:03:31]} 9. Ne5 {[%emt 0:06:07]} cxd4 {[%emt 0:01:50]} 10. exd4 {[%emt 0:02:37]} Nc6 {[%emt 0:02:22]} 11. Be3 {[%emt 0:02:18]} O-O {[%emt 0:08:24]} 12. a3 {[%emt 0:09:00]} Qc7 {[%emt 0:01:42]} 13. f4 {[%emt 0:01:07]} Na5 {[%emt 0:04:13]} 14. Rf3 {[%emt 0:04:32]} b5 {[%emt 0:09:25]} 15. Rh3 {[%emt 0:05:37]} Nc4 {[%emt 0:17:06]} 16. Bf2 {[%emt 0:01:46]} Be8 {[%emt 0:12:52]} 17. Bd3 {[%emt 0:01:25]} g6 {[%emt 0:01:36]} 18. Qe1 {[%emt 0:03:14]} Nd7 {[%emt 0:05:26]} 19. Bh4 {[%emt 0:03:54]} Ndxe5 {[%emt 0:08:25]} 20. fxe5 {[%emt 0:00:36]} Qd8 {[%emt 0:00:42]} 21. Qf2 {[%emt 0:01:55]} Bxh4 {[%emt 0:01:28]} 22. Rxh4 {[%emt 0:00:39]} f5 {[%emt 0:00:41]} 23. exf6 {[%emt 0:03:15]} Rxf6 {[%emt 0:01:35]} 24. Qg3 {[%emt 0:01:35]} Ra7 {[%emt 0:01:27]} 25. Ne2 {[%emt 0:09:58]} Rg7 {[%emt 0:02:24]} 26. Rg4 {[%emt 0:00:56]} Qe7 {[%emt 0:02:00]} 27. Nf4 {[%emt 0:00:24]} Nb6 {[%emt 0:00:46]} 28. Re1 {[%emt 0:01:29]} Qf7 {[%emt 0:00:27]} 29. Nh3 {[%emt 0:02:45]} h6 {[%emt 0:00:34]} 30. Qh4 {[%emt 0:02:18]} g5 {[%emt 0:00:23]} 31. Qg3 {[%emt 0:00:14]} Nd7 {[%emt 0:00:32]} 32. Nf2 {[%emt 0:09:43]} Qf8 {[%emt 0:00:31]} 33. h4 {[%emt 0:01:33]} gxh4 {[%emt 0:00:27]} 34. Qxh4 {[%emt 0:03:02]} h5 {[%emt 0:00:05]} 35. Rxg7+ {[%emt 0:01:03]} Qxg7 {[%emt 0:00:01]} 36. Re3 {[%emt 0:01:31]} Qh6 {[%emt 0:00:40]} 37. Rg3+ {[%emt 0:00:36]} Kh8 {[%emt 0:00:01]} 38. Rg5 {[%emt 0:00:34]} Nf8 {[%emt 0:00:41]} 39. Nh3 {[%emt 0:00:55]} Nh7 {[%emt 0:01:22]} 40. Bxh7 {[%emt 0:00:00]} Qxh7 {[%emt 0:00:00]} 41. Rxh5 {[%emt 0:04:03]} Bxh5 {[%emt 0:03:25]} 42. Qxf6+ {[%emt 0:00:12]} Qg7 {[%emt 0:00:08]} 43. Qxg7+ {[%emt 0:05:09]} Kxg7 {[%emt 0:00:01]} 44. Nf4 {[%emt 0:05:01]} Bg4 {[%emt 0:02:24]} 45. Kf2 {[%emt 0:02:03]} Kf6 {[%emt 0:00:59]} 46. Ke3 {[%emt 0:00:36]} Bf5 {[%emt 0:06:43]} 47. c3 {[%emt 0:00:23]} a5 {[%emt 0:01:08]} 48. Nh5+ {[%emt 0:04:19]} Kg6 {[%emt 0:05:03]} 49. Ng3 {[%emt 0:00:50]} Bc2 {[%emt 0:01:29]} 50. Kf4 {[%emt 0:00:27]} Bd3 {[%emt 0:00:29]} 51. Kg4 {[%emt 0:05:42]} a4 {[%emt 0:04:23]} 52. Kf4 {[%emt 0:00:36]} Kh6 {[%emt 0:00:37]} 53. Ke3 {[%emt 0:05:02]} Bc2 {[%emt 0:02:05]} 54. Kf4 {[%emt 0:01:50]} Bd3 {[%emt 0:00:15]} 55. Ke5 {[%emt 0:00:04]} Kg5 {[%emt 0:00:13]} 56. Kxe6 {[%emt 0:00:55]} Be4 {[%emt 0:01:40]} 57. Ke5 {[%emt 0:00:41]} Bxg2 {[%emt 0:00:35]} 58. Nf5 {[%emt 0:00:12]} Bf1 {[%emt 0:03:05]} 59. Ne3 {[%emt 0:00:24]} Bd3 {[%emt 0:00:47]} 60. Nxd5 {[%emt 0:00:25]} Kg4 {[%emt 0:00:45]} 61. Nc7 {[%emt 0:00:26]} 1-0

[Event "EYCC Girls U16 2018"]
[Site "Riga"]
[Date "2018.08.22"]
[Round "3"]
[White "Badelka, Olga"]
[Black "Shpanko, Nadiia"]
[Result "1/2-1/2"]
[WhiteElo "2416"]
[BlackElo "2176"]
[Annotator "TA"]
[PlyCount "79"]
[EventDate "2018.08.20"]
[EventType "swiss"]
[EventCountry "LAT"]
[SourceTitle "playchess.com"]
[Source "ChessBase"]
[SourceQuality "1"]

{[%evp 13,79,0,36,18,66,46,126,29,40,43,43,23,27,25,28,23,45,8,8,9,23,-27,-20,-35,-36,-18,-21,-16,-23,-48,-36,-49,-32,-38,-6,-7,-11,-4,0,-23,-9,-27,-16,-94,-48,-72,-8,-10,6,6,6,0,0,0,0,0,0,0,0,0,0,0,0,0,0,0,0,0]} 1. c4 e5 2. g3 Nf6 3. Bg2 c6 4. d4 e4 5. Nc3 d5 6. cxd5 cxd5 7. Bg5 Be7 {LiveBook: 3 Games} 8. Qb3 {A20: English Opening: 1...e5} (8. e3 Nc6 9. Nge2 Nd7 10. Bxe7 Nxe7 11. O-O Nb6 12. Rc1 O-O 13. b3 Bg4 14. h3 Bd7 15. Qd2 Bc6 {0-1 (34) Svane,R (2496)-Jakovenko,D (2733) Caleta 2015}) 8... Nbd7 9. Nh3 Qb6 $146 {[#]} (9... Qa5 $14) ({Predecessor:} 9... Nb6 10. Nf4 Be6 11. O-O Qd7 12. Nxe6 fxe6 {0-1 (43) Petran,P (2308)-Nasanjargal,U (2419) Prague 2017}) 10. Qxb6 ({White should try} 10. Nf4 $1 $16) 10... Nxb6 $11 11. Nf4 {Bxf6 is the strong threat.} O-O 12. O-O-O Rd8 13. f3 Bf5 14. g4 exf3 15. exf3 (15. Bxf3 {is interesting.} Be4 16. Bxe4 dxe4 17. e3 Rac8 18. Kb1) 15... Bd7 16. Rhe1 Bd6 {[#] Strongly threatening ...h6.} 17. Kb1 Re8 18. Bxf6 Rxe1 19. Rxe1 {And now Be5 would win.} Bxf4 20. Be5 Re8 {Hoping for ...f6.} 21. Rd1 Bxe5 22. dxe5 Rxe5 23. f4 Re7 24. Nxd5 Nxd5 25. Rxd5 {[%mdl 4096] Endgame KRB-KRB} b6 26. h3 g6 27. Rd2 Bb5 28. b4 (28. Kc1 $11) 28... Rc7 29. Rd4 h6 (29... Rc3 $17) 30. Kb2 {The position is equal.} Rc4 31. Rxc4 Bxc4 {KB-KB} 32. a4 f6 33. Kc3 Be6 34. Kd4 {Black must now prevent Bd5.} Kf8 35. Be4 g5 36. fxg5 hxg5 37. a5 Ke7 38. axb6 axb6 39. Bd5 Bd7 40. Bg2 {Precision: White = 44%, Black = 43%.} 1/2-1/2